Actors 101: Robert Downey Jr. - Statistics

General Stats
  • This quiz has been taken 9 times
  • The average score is 9 of 16
Answer Stats
Picture Answer % Correct
Iron Man
100%
Oppenheimer
89%
Sherlock Holmes
89%
Chaplin
78%
Dolittle
78%
Tropic Thunder
78%
The Judge
56%
Zodiac
56%
Due Date
44%
Kiss Kiss Bang Bang
44%
Weird Science
44%
Gothika
33%
Air America
22%
The Singing Detective
22%
The Soloist
22%
U.S. Marshals
22%
No matching quizzes found
Score Distribution
Percent of People with Each Score
Percentile by Number Answered
Your Score History
You have not taken this quiz